000 00759nam a2200205 a 4500
001 BRCA_6064
005 20190320205323.0
008 170608s1996----mx-a---###---#000-0#spa-#
050 4 _aAM5
_b.G66 1996
100 1 _aGonzález Reza, Artemisa Adriana
_915314
245 1 0 _aManual de cedularios museográficos para los museos de la Ciudad de México.
260 _aCiudad de México
_c1996
300 _a159 p.
_bil.
502 _aTesis Licenciatura (Licenciada en Diseño Gráfico) Universidad Iberoamericana
650 1 4 _aMuseos
_vManuales
_xCedularios
_zCiudad de México
_915315
650 1 4 _aMuseografía
_vManuales
_xCédulas
_915316
700 1 _aVelázquez Graham, María de la Inmaculada Concepción
_eCoautor
_915317
902 _aTES
942 _2lcc
_cTES
999 _c5751
_d5751